[Event "Oskarja Memorial 10th"]
[Site "Chess.com INT"]
[Date "2021.01.16"]
[Round "2"]
[White "Filippovskiy, Nikita"]
[Black "Lavrencic, Matic"]
[Result "0-1"]
[WhiteElo "1269"]
[BlackElo "2018"]
[PlyCount "91"]
[EventDate "2021.01.16"]
[EventType "swiss (blitz)"]
[EventRounds "15"]
[EventCountry "SLO"]
[SourceTitle "CBM 200 Extra"]
[Source "ChessBase"]
[SourceDate "2021.03.31"]
[SourceVersion "1"]
[SourceVersionDate "2021.03.31"]
[SourceQuality "1"]

1. e4 c5 2. Nf3 d6 3. d4 cxd4 4. Nxd4 Nf6 5. Nc3 a6 6. f3 e5 7. Nb3 Be6 8. Be3 Be7 9. Be2 0-0 10. 0-0 Nbd7 11. g4 h6 12. h4 b5 13. Rf2 b4 14. Nd5 Bxd5 15. exd5 Nh7 16. f4 Bxh4 17. Rh2 Bg3 18. Rh3 Bxf4 19. Bxf4 exf4 20. Qd4 Ng5 21. Rh5 Qf6 22. Rf1 f3 23. Qxf6 Nxf6 24. Bxf3 Nxf3+ 25. Rxf3 Nxh5 26. gxh5 Rfe8 27. Rf4 Rac8 28. Rxb4 Rxc2 29. Nd4 Rc1+ 30. Kf2 Rh1 31. Rb6 Rxh5 32. Rxd6 Rb8 33. b3 a5 34. a4 Rh4 35. Nb5 Rb4 36. Ra6 Rxb3 37. Rxa5 Rd3 38. d6 Rd8 39. Ra6 Rd5 40. Ke3 g5 41. Ke4 Rd1 42. a5 h5 43. Kf5 Rd5+ 44. Kf6 Rxb5 45. Ke7 Rbb8 46. d7 0-1

[Event "Oskarja Memorial 10th"]
[Site "Chess.com INT"]
[Date "2021.01.16"]
[Round "9"]
[White "Kerman, Branko"]
[Black "Filippovskiy, Nikita"]
[Result "0-1"]
[WhiteElo "1401"]
[BlackElo "1269"]
[PlyCount "48"]
[EventDate "2021.01.16"]
[EventType "swiss (blitz)"]
[EventRounds "15"]
[EventCountry "SLO"]
[SourceTitle "CBM 200 Extra"]
[Source "ChessBase"]
[SourceDate "2021.03.31"]
[SourceVersion "1"]
[SourceVersionDate "2021.03.31"]
[SourceQuality "1"]

1. e4 c5 2. c3 d5 3. Qc2 dxe4 4. Qxe4 Nf6 5. Qc2 g6 6. h3 Bf5 7. d3 c4 8. Nf3 Bg7 9. Nh4 cxd3 10. Qd2 Ne4 11. Qe3 Nc6 12. Nxf5 gxf5 13. Bxd3 Qd5 14. 0-0 Rd8 15. Be2 Rg8 16. Bf3 Be5 17. Bxe4 fxe4 18. Qh6 e3 19. f3 e2 20. Re1 Qxf3 21. Bg5 Qf5 22. Be3 Rd1 23. Bf2 Rxe1+ 24. Bxe1 Qf1# 0-1

[Event "SLO-chT Central 21st"]
[Site "Slovenia"]
[Date "2020.10.08"]
[Round "4.2"]
[White "Filippovskiy, Nikita"]
[Black "Mlacnik, Janez"]
[Result "1/2-1/2"]
[WhiteElo "1422"]
[BlackElo "1822"]
[PlyCount "144"]
[EventDate "2020.09.17"]
[EventType "team-swiss"]
[EventRounds "5"]
[EventCountry "SLO"]
[SourceTitle "EXT 2024"]
[Source "ChessBase"]
[SourceDate "2023.10.10"]
[SourceVersion "1"]
[SourceVersionDate "2023.10.10"]
[SourceQuality "1"]
[WhiteTeam "Menges Trzin II"]
[BlackTeam "Ljubljana Karel Jeraj"]
[WhiteTeamCountry "SLO"]
[BlackTeamCountry "SLO"]

1. e4 d6 2. d4 Nf6 3. Nc3 g6 4. g3 Bg7 5. h3 c5 6. dxc5 Qa5 7. Bg2 Qxc5 8. Nge2 0-0 9. 0-0 Nc6 10. Be3 Qa5 11. Kh2 Ne5 12. Qc1 Bd7 13. f4 Nc4 14. g4 Nxe3 15. Qxe3 Bxg4 16. e5 dxe5 17. fxe5 Qc7 18. Ng3 Nh5 19. Nd5 Qxe5 20. hxg4 Nxg3 21. Qxg3 e6 22. Nc3 Qxg3+ 23. Kxg3 Bxc3 24. bxc3 Rac8 25. Rf3 Rc5 26. Rb1 b6 27. Bf1 h5 28. Rb5 Rfc8 29. Rxc5 Rxc5 30. c4 hxg4 31. Kxg4 Ra5 32. a3 Kg7 33. Bg2 Rc5 34. Bf1 e5 35. Rb3 f5+ 36. Kg5 Ra5 37. Rd3 e4 38. Rd7+ Kf8 39. Kxg6 f4 40. Rf7+ Ke8 41. Rxf4 Rxa3 42. Rxe4+ Kd7 43. Kf5 Rf3+ 44. Rf4 Re3 45. Bd3 Kd6 46. Rd4+ Kc6 47. Re4 Rh3 48. Re5 Kd6 49. Rd5+ Kc7 50. Ke5 Rh4 51. Be4 a5 52. Rd3 Rh8 53. Kd4 Rh4 54. Re3 Kd6 55. Kc3 Kc5 56. Bd3 Rh5 57. Be2 Rg5 58. Bd3 Rh5 59. Be2 Rg5 60. Rd3 Rg7 61. Kb3 Re7 62. Rd5+ Kc6 63. Bf3 Kc7 64. Ka4 Re3 65. Bd1 Kc6 66. Rd3 Re1 67. Rd5 Re3 68. Rd3 Re1 69. c3 Kc5 70. Rd4 Re3 71. Kb3 a4+ 72. Kxa4 Rxc3 1/2-1/2

[Event "SLO-chT Central 1st League 20th"]
[Site "Slovenia"]
[Date "2019.10.17"]
[Round "6.3"]
[White "Siraj, Svit"]
[Black "Filippovskiy, Nikita"]
[Result "1-0"]
[WhiteElo "1785"]
[BlackElo "1210"]
[PlyCount "49"]
[EventDate "2019.09.12"]
[EventType "team-tourn"]
[EventRounds "9"]
[EventCountry "SLO"]
[SourceTitle "EXT 2024"]
[Source "ChessBase"]
[SourceDate "2023.10.10"]
[SourceVersion "1"]
[SourceVersionDate "2023.10.10"]
[SourceQuality "1"]
[WhiteTeam "Vrhnika"]
[BlackTeam "Menges Trzin III"]
[WhiteTeamCountry "SLO"]
[BlackTeamCountry "SLO"]

1. d4 Nf6 2. Nf3 g6 3. Bf4 Bg7 4. e3 0-0 5. Be2 d6 6. h3 Nbd7 7. c4 c5 8. Nc3 a6 9. 0-0 Nh5 10. Bh2 cxd4 11. exd4 e5 12. g4 Nf4 13. Bxf4 exf4 14. Qd2 g5 15. Ne4 h6 16. Nxd6 Qe7 17. Nf5 Qe6 18. Bd3 Nf6 19. Rfe1 Qc6 20. Ne7+ Kh8 21. Nxc6 bxc6 22. Ne5 h5 23. f3 hxg4 24. hxg4 Nd7 25. Qh2+ 1-0

[Event "SLO-chT Central 1st League 20th"]
[Site "Slovenia"]
[Date "2019.10.03"]
[Round "4.2"]
[White "Filippovskiy, Nikita"]
[Black "Konvalinka, Kostja"]
[Result "0-1"]
[WhiteElo "1210"]
[BlackElo "1702"]
[PlyCount "66"]
[EventDate "2019.09.12"]
[EventType "team-tourn"]
[EventRounds "9"]
[EventCountry "SLO"]
[SourceTitle "EXT 2024"]
[Source "ChessBase"]
[SourceDate "2023.10.10"]
[SourceVersion "1"]
[SourceVersionDate "2023.10.10"]
[SourceQuality "1"]
[WhiteTeam "Menges Trzin III"]
[BlackTeam "Trzin Pekos Pub"]
[WhiteTeamCountry "SLO"]
[BlackTeamCountry "SLO"]

1. e4 c5 2. Nf3 d6 3. d4 cxd4 4. Nxd4 Nf6 5. f3 Nc6 6. Nc3 g6 7. Be3 Bg7 8. Qd2 Nxd4 9. Bxd4 0-0 10. 0-0-0 Be6 11. g4 Qa5 12. a3 Rfc8 13. h4 Bc4 14. Bxc4 Rxc4 15. h5 Nxe4 16. Nxe4 Qxd2+ 17. Rxd2 Rxd4 18. Rdh2 h6 19. hxg6 fxg6 20. g5 h5 21. Re1 Be5 22. Rhe2 Rf8 23. Rf1 Rc4 24. c3 d5 25. Nd2 Bf4 26. Rxe7 d4 27. Rf2 Bxg5 28. Rxb7 dxc3 29. bxc3 Rxc3+ 30. Kb2 Bxd2 31. Rxd2 Rcxf3 32. Rxa7 Rf2 33. Kc3 Rc8+ 0-1